Guess the random flag - Statistics

General Stats
  • This quiz has been taken 24 times
  • The average score is 17 of 20
Answer Stats
Picture Answer % Correct
Argentina
100%
Australia
100%
Canada
100%
China
100%
France
100%
Germany
100%
Greece
100%
Spain
100%
Cyprus
96%
Italy
96%
Turkey
96%
Egypt
92%
Chile
83%
Malaysia
83%
Philippines
79%
Bhutan
71%
Fiji
71%
Palau
63%
Mozambique
50%
Malawi
46%
No matching quizzes found
Score Distribution
Percent of People with Each Score
Percentile by Number Answered
Your Score History
You have not taken this quiz